000 00902nam a22001697a 4500
005 20241203153446.0
008 230712b ||||| |||| 00| 0 eng d
040 _cSSBUL
082 _a၃၀၂.၂၃ မိုး
_223
_b၁၆၁၄၄ S-SAT
245 _aမိုးလုံးပြည့်မုသာဝါဒများဘီဘီစီ၊ ဗွီအိုအေ၊ အေအိုင်အာရ် /
260 _aရန်ကုန် ၊
_bကြေးမုံသတင်းစာတိုက်၊
_c၁၉၉၁။
300 _a၁၇၉ စာမျက်နှာ၊
_bဓာတ်ပုံများ၊
_c၂၃ စင်တီ။
500 _aS-SAT: Dr. Sai Aung Tun collection
650 _aသတင်းစာရှင်းလင်းပွဲ။
_927768
651 _aမြန်မာနိုင်ငံ
_vတပ်မတော်။
_927769
942 _2ddc
_cBK1
999 _c27102
_d27102